Anthem of Afghanistan - دا د باتورانو کور (Dā də bātorāno kor) - Statistics

General Stats
  • This quiz has been taken 2 times
  • The average score is 116 of 165
Answer Stats
Lyrics % Correct
bātorāno
100%
100%
100%
da,
100%
100%
kor
100%
kor,
100%
100%
šahidāno
100%
Sātu
100%
sro
100%
Stā
100%
wino,
100%
ye
100%
aw
50%
boṭi
50%
day
50%
di
50%
guluna
50%
ṭol,
50%
zmaryāno
50%
kāṇi
0%
Kala
0%
laka
0%
lāluna
0%
munǵa
0%
niwəlay
0%
pre
0%
šawe
0%
ši?
0%
śok
0%
srə
0%
ta
0%
toy
0%
Wina
0%
No matching quizzes found
Score Distribution
Percent of People with Each Score
Percentile by Number Answered
Your Score History
You have not taken this quiz